Nature's Miracle Orphans: Second Chances.

Watch rescue center caregivers help wild baby orphans get back on their feet. In Australia, a teddy bear comforts baby koala Danny, and tiny wallaby Neil receives preemie care. In Costa Rica, baby three-toed sloth Newbie battles pneumonia..

Bibliographic Details
Corporate Authors: PBS (Firm),$4dst, Kanopy (Firm),$4dst
Format: Video
Language:English
Language Notes:In English
Published: [San Francisco, California, USA] : PBS, 2015.
Kanopy Streaming, 2016.
Subjects:
Online Access:Connect to this streaming video

MARC

Tag First Indicator Second Indicator Subfields
LEADER 00000cgm a22000004a 4500
001 in00003753549
006 m o c
007 cr una---unuuu
007 vz uzazuu
008 160825p20162015cau053 o vleng d
005 20260324163935.4
028 5 2 |a 1181165  |b Kanopy 
035 |a (OCoLC)956901313 
035 |a (CaSfKAN)kan1181165 
040 |a VDU  |b eng  |c VDU  |d UtOrBLW 
245 0 0 |a Nature's Miracle Orphans: Second Chances. 
264 1 |b PBS,  |c 2015. 
264 1 |a [San Francisco, California, USA] :  |b Kanopy Streaming,  |c 2016. 
300 |a 1 online resource (streaming video file) (53 minutes):  |b digital, .flv file, sound 
306 |a 005300 
336 |a two-dimensional moving image  |b tdi  |2 rdacontent 
337 |a computer  |b c  |2 rdamedia 
338 |a online resource  |b cr  |2 carrier 
500 |a Title from title frames. 
500 |a Film 
518 |a Originally produced by PBS in 2015. 
520 |a Watch rescue center caregivers help wild baby orphans get back on their feet. In Australia, a teddy bear comforts baby koala Danny, and tiny wallaby Neil receives preemie care. In Costa Rica, baby three-toed sloth Newbie battles pneumonia..  
538 |a Mode of access: World Wide Web. 
546 |a In English 
500 |a Electronic resource. 
650 0 |a Environmental sciences.  |0 http://id.loc.gov/authorities/subjects/sh92004048 
650 0 |a Veterinary medicine.  |0 http://id.loc.gov/authorities/subjects/sh85143046 
653 |a TV Series 
655 7 |a Internet videos.  |2 lcgft  |0 http://id.loc.gov/authorities/genreForms/gf2011026337 
655 7 |a Television programs.  |2 lcgft  |0 http://id.loc.gov/authorities/genreForms/gf2011026673 
710 2 |a PBS (Firm),$4dst. 
710 2 |a Kanopy (Firm),$4dst. 
856 4 0 |u http://proxy.library.tamu.edu/login?url=https://texasam.kanopystreaming.com/node/181166  |z Connect to this streaming video  |t 0 
999 f f |s 5cce1b3e-97f3-38cb-afe9-235e90e8f1b4  |i 1e37288f-359f-3950-9b79-4439c4457f5e  |t 0 
952 f f |a Texas A&M University  |b College Station  |c Electronic Resources  |s www_evans  |d Available Online  |t 0  |h No information provided 
998 f f |t 0  |l Available Online